[Event "The day after"]
[Site "SchemingMind.com"]
[Date "2022.11.01"]
[Round "-"]
[White "carra1971"]
[Black "AussieMossie"]
[Result "1/2-1/2"]
[WhiteCountry "CUB"]
[BlackCountry "AUS"]
[WhiteElo "2471"]
[WhiteRD "99"]
[BlackElo "2578"]
[BlackRD "86"]
[GameID "727849"]

1. c4 e5 2. Nc3 Nc6 3. e3 Nf6 4. Nf3 Bb4 5. Qc2 Bxc3 6. Qxc3 Qe7 7. a3 d5 8. d4 exd4 9. Nxd4 Nxd4 10. Qxd4 O-O
11. Bd2 Rd8 12. Bb4 Qe8 13. Be2 dxc4 14. Qxc4 Nd5 15. Bd2 Be6 16. Qc1 Bf5 17. O-O Rd6 18. Bf3 Rad8 19. Bxd5 Rxd5 20. Bc3 Bd3
21. Re1 f5 22. f3 h6 23. b4 b6 24. a4 c5 25. Qb2 R8d7 26. a5 b5 27. bxc5 Rxc5 28. Rad1 Rcd5 29. Rd2 a6 30. Qb4 Rc7
31. Bb2 Rcd7 32. Ba1 Bc4 33. Rxd5 Rxd5 34. Bc3 Rd3 35. e4=
1/2-1/2

[Event "The day after"]
[Site "SchemingMind.com"]
[Date "2022.11.01"]
[Round "-"]
[White "AussieMossie"]
[Black "carra1971"]
[Result "1/2-1/2"]
[WhiteCountry "AUS"]
[BlackCountry "CUB"]
[WhiteElo "2597"]
[WhiteRD "91"]
[BlackElo "2456"]
[BlackRD "102"]
[GameID "727850"]

1. d4 Nf6 2. c4 e6 3. Nc3 Bb4 4. e3 O-O 5. Nf3 d5 6. Bd3 dxc4 7. Bxc4 b6 8. O-O Bb7 9. Qe2 c5 10. dxc5 Bxc5
11. e4 Nbd7 12. e5 Nd5 13. Nxd5 exd5 14. Bd3 f6 15. e6 Ne5 16. Nxe5 fxe5 17. Qxe5 Qf6 18. Qxf6 Rxf6 19. Bd2 Rxe6 20. b4 Bd4
21. Rac1 Re7 22. Rc2 Rf7 23. Bc3 Bxc3 24. Rxc3 a5 25. a3 axb4 26. axb4 Ra4 27. Rb1 g6 28. f3 Kg7 29. Bb5 Ra2 30. Re1 Kf6
31. Rce3 Rb2 32. Re6+ Kg5 33. R1e5+ Kh6 34. Rxb6 Rxb4 35. Kf2 Bc8 36. Rxd5 Rf5=
1/2-1/2